Arbitration: settling disputes informally (Record no. 63688)
[ view plain ]
| 000 -LEADER | |
|---|---|
| fixed length control field | 00983cam a2200205 4500 |
| 001 - CONTROL NUMBER | |
| control field | ABS62318 |
| 008 - FIXED-LENGTH DATA ELEMENTS--GENERAL INFORMATION | |
| fixed length control field | 000000n2000 000 0 eng u |
| 035 ## - SYSTEM CONTROL NUMBER | |
| System control number | (Sirsi) u106339 |
| 100 ## - MAIN ENTRY--PERSONAL NAME | |
| Personal name | Rees, W.H. |
| 245 ## - TITLE STATEMENT | |
| Title | Arbitration: settling disputes informally |
| 260 ## - PUBLICATION, DISTRIBUTION, ETC. | |
| Date of publication, distribution, etc. | 2000 |
| 490 ## - SERIES STATEMENT | |
| Series statement | The Valuer |
| Volume/sequential designation | 69(3) May/June 2000, 26(1) |
| 520 ## - SUMMARY, ETC. | |
| Summary, etc. | The Lands Tribunal Rules 1996 introduced a simplified procedure which enables cases to be decided without a full-scale hearing. It applies to all disputes within the Tribunal's jurisdiction except compulsory purchase matters. The procedure is intended to be attractive to small cases but one recent decision is cited "Sharp v Griffiths (VO) (1999) RA 265 which showed that use of this simplified procedure is not limited to minor disputes of fact. |
| 590 ## - LOCAL NOTE (RLIN) | |
| Local note | ABS |
| 650 ## - SUBJECT ADDED ENTRY--TOPICAL TERM | |
| Topical term or geographic name entry element | LANDS TRIBUNAL RULES 1996 |
| 650 ## - SUBJECT ADDED ENTRY--TOPICAL TERM | |
| Topical term or geographic name entry element | SIMPLIFIED PROCEDURE |
| 650 ## - SUBJECT ADDED ENTRY--TOPICAL TERM | |
| Topical term or geographic name entry element | SHARP V GRIFFITHS (VO) |
| 690 ## - LOCAL SUBJECT ADDED ENTRY--TOPICAL TERM (OCLC, RLIN) | |
| Topical term or geographic name as entry element | Dispute resolution |
| 9 (RLIN) | 6236 |
| 942 ## - ADDED ENTRY ELEMENTS (KOHA) | |
| Suppress in OPAC | 0 |
| Withdrawn status | Lost status | Source of classification or shelving scheme | Damaged status | Not for loan | Home library | Current library | Shelving location | Date acquired | Total Checkouts | Full call number | Barcode | Date last seen | Copy number | Price effective from | Koha item type |
|---|---|---|---|---|---|---|---|---|---|---|---|---|---|---|---|
| Dewey Decimal Classification | London | London | Journal article | 07/06/2000 | ABS62318 | 106339-1001 | 06/08/2019 | 1 | 06/08/2019 | Journal article |